000 00983nam a22003497a 4500
999 _c35328
_d35328
003 OSt
005 20220601160820.0
008 220601b ||||| |||| 00| 0 spa d
020 _a84-7658-072-X
040 _cBiblioteca Ernesto Sábato
092 _a321.8
_bG643
_eJLS
100 _aGonzález García, José M.
245 _aTeorías de la democracia
250 _a1a. ed.
_b1a. reimp.
260 _aBarcelona
_bAnthropos. Universidad autónoma Metropolitana
_c1992
300 _a360 p.
440 _aFilosofía política
_n ; 33
650 _aDEMOCRACIA-TEORIAS
650 _aJLS/
700 _aQuesada Castro, Fernando
700 _aAnderson, P.
700 _aColom González, F.
700 _aEstévez Araujo, J.A.
700 _aGómez Orfanel, G.
700 _aGonzález García, J.M.
700 _aMaestre, A.
700 _aMardones, J. M.
700 _aMas Torres, S.
700 _aMuguerza, J.
700 _aQuesada Castro, F.
942 _2ddc
_cJLS